000 00529nam a2200193Ia 4500
003 GCL
005 20240530105337.0
008 140319s9999 xx 000 0 ara d
040 _aGCL /
_cGCL
082 0 4 _a378.1
_bم ا
100 1 _aمحمد منير مرسى
245 1 0 _a0000000000000
_cمحمد منير مرسى
260 _a[S.N] :
_bعالم الكتب الحديث ،
_c1993
300 _a368 ص
650 0 4 _aمصر
650 0 4 _aالتعلم
650 0 4 _aالادارة التعليمية
942 _2ddc
_cBK
999 _c55125
_d55125